000
00281nam a22001217a 4500
041
_a
ENG
100
_a
Srivastav.R.M
245
_a
Gramin Navrirman Ke Naye Ayat
260
_a
Rocni
_b
Birasa Krishi Vishwavidyalay
_c
1991
300
_a
244
650
_a
GAE (15)
856
_u
GAE (15)
999
_c
2969
_d
2969